00969cam a22002294a 4500999001700000001000900017005001700026008004100043020002500084041000800109080001500117245012500132250001200257264004200269300008200311653002900393653005600422700005700478700005600535942001200591952013600603 c57475d574751525163720221107161722.0080407s2009 enka b 001 0 eng  a9781405169110 X aeng a616.3 T-4200aTextbook of gastroenterology :cedited by Tadataka Yamada ; associate editors, David H. Alpers ... [et al.].bVolume 2 / a5th ed. aHoboken, NJ :bBlackwell Pub.,c2009. a2 v. (xxi, 3440, cxi p.) :bill. (some col.) ;c29 cm +e1 CD-ROM (4 3/4 in.) aმედიცინა aგასტროენტეროლოგია1 aYamada, Tadataka.eრედაქტორი987721 aAlpers, David H.eრედაქტორი98773 2udccBK 00102udc4066163_T4270989186aCPLbCPLcGENd2020-06-25g824.00o616.3 T-42p60668r2020-06-25t60668w2020-06-25yBKz824 ლ.